00557cam a22001813a 450000100060000000300060000600500170001200800410002904000150007004200070008510000320009224501010012426000290022550600300025451600200028483000290030485600420033344448PGUSA20140828084020.0131216s2013||||xxu|||||s|||||000 | eng d aPGUSAbeng adc1 aAimard, Gustave,d1818-188314aThe Queen of the Savannah :bA Story of the Mexican Warh[electronic resource] /cGustave Aimard bProject Gutenberg,c2013 aPublic domain in the USA. aElectronic text 0aProject Gutenbergv4444840uhttp://www.gutenberg.org/ebooks/44448